Biggest Trading Partners - Tunisia - Statistics

General Stats
  • This quiz has been taken 280 times
  • The average score is 15 of 19
Answer Stats
exports imports country % Correct
0.32 bil 1.43 bil Algeria
98%
4.35 bil 3.06 bil France
98%
2.41 bil 3.31 bil Italy
97%
0.56 bil 0.87 bil Spain
97%
0.25 bil 0.70 bil United States
96%
0.30 bil United Kingdom
94%
2.04 bil China
93%
0.39 bil Libya
93%
0.18 bil Morocco
93%
0.46 bil Egypt
92%
1.92 bil 1.45 bil Germany
89%
0.11 bil 0.97 bil Turkey
83%
0.49 bil Russia
77%
0.33 bil India
73%
0.27 bil Netherlands
72%
0.23 bil Belgium
69%
0.13 bil Poland
56%
0.44 bil Ukraine
43%
0.29 bil Bulgaria
16%
No matching quizzes found
Score Distribution
Percent of People with Each Score
Percentile by Number Answered
Your Score History
You have not taken this quiz